Facultad de Derecho – Universidad Nacional de Mar del Plata

Scientia Iure Civile (Record no. 4474)

MARC details
000 -CABECERA
campo de control de longitud fija 00525nam a22001457a 4500
080 ## - NUMERO DE CLASIFICACION DECIMAL UNIVERSAL (CDU)
Número de la Clasificación Decimal Universal 34 (37) So 78
100 ## - ASIENTO PRINCIPAL--NOMBRE PERSONAL
Código del relacionador Autor
Nombre personal Soto Villaflor, Raúl
245 ## - MENCION DE TITULO
Título propiamente dicho Scientia Iure Civile
300 ## - DESCRIPCION FISICA
Extensión 150 P.
500 ## - NOTA GENERAL
Nota general Director de tesis: Di Pietro, Alfredo Gustavo.
502 ## - NOTA DE TESIS
Nota de tesis Tesis ()--Universidad Nacional de Mar del Plata. Facultad de Derecho. Departamento de Posgrado, 2015.
650 ## - ASIENTO SECUNDARIO DE MATERIA - TERMINO TEMATICO
Fuente del encabezamiento o término Tesauro de Biblioteconomía y Documentación
Término temático o nombre geográfico como elemento de entrada ius civile
-- Santo Tomás
-- derecho romano
-- Savigny
-- Ihering
-- Scientia Iure Civile
945 ## - INFORMACION DE PROCESAMIENTO LOCAL
Responsable de carga/modificación Celeste Delía
Fecha de ingreso o modificación 2017-06-07
Holdings
Retirado Perdido Dañado No se presta Ubicación permanente Locación actual Estante o sala Fecha de adquisición Signatura topográfica Inventario Ultima fecha vista Tipo de item de Koha
        Bib. Derecho Bib. Derecho Biblioteca Graduados 07/06/2017 34 (37) So 78 301614 07/06/2017 Tesis de posgrado

XHTML | CSS | ©Biblioteca Central - Dto. Tecnología de la Información - [ Con tecnología Koha ]